| 000 | 00524nam a22001937a 4500 | ||
|---|---|---|---|
| 001 | TVUNI | ||
| 005 | 20260126014719.0 | ||
| 008 | 221111s2015 vm vie d | ||
| 020 |
_a9786047913121 : _c168000 |
||
| 040 |
_aTVUNI _eAACR2 |
||
| 041 | 0 | _avie | |
| 100 | 1 | _aLưu, Đan Thọ | |
| 245 | 1 | 0 |
_aThương mại điện tử hiện đại / _cLưu Đan Thọ |
| 260 |
_aHà Nội : _bTài chính, _c2015 |
||
| 300 |
_a564 tr. ; _c24 cm. |
||
| 942 |
_2ddc _cBK |
||
| 999 |
_c3452 _d3452 |
||
| 911 |
_a1 _bHiển Phạm |
||
| 912 |
_a1 _bHiển Phạm |
||